| 000 -LEADER |
| fixed length control field |
00618pam a2200229 a 4500 |
| 001 - CONTROL NUMBER |
| control field |
1493039 |
| 005 - DATE AND TIME OF LATEST TRANSACTION |
| control field |
20180131081708.0 |
| 008 - FIXED-LENGTH DATA ELEMENTS--GENERAL INFORMATION |
| fixed length control field |
880616s1988 enka b 001 0 eng |
| 010 ## - LIBRARY OF CONGRESS CONTROL NUMBER |
| LC control number |
88019634 |
| 020 ## - INTERNATIONAL STANDARD BOOK NUMBER |
| International Standard Book Number |
0198538154 : |
| Terms of availability |
$55.00 (U.S.) |
| 020 ## - INTERNATIONAL STANDARD BOOK NUMBER |
| International Standard Book Number |
019853759X (pbk.) : |
| Terms of availability |
$27.50 (U.S.) |
| 040 ## - CATALOGING SOURCE |
| Original cataloging agency |
DLC |
| Transcribing agency |
DLC |
| Modifying agency |
DLC |
| 041 ## - LANGUAGE CODE |
| Language code of text/sound track or separate title |
eng |
| 080 ## - UNIVERSAL DECIMAL CLASSIFICATION NUMBER |
| Universal Decimal Classification number |
004.11 LAZ |
| 082 00 - DEWEY DECIMAL CLASSIFICATION NUMBER |
| Classification number |
004.11 LAZ |
| Edition number |
19 |
| 100 1# - Rafti |
| Rafti |
28 |
| 101 ## - Shkurtesa |
| Shkurtesa |
SHK |
| 245 10 - TITLE STATEMENT |
| Title |
Supercomputers and their use / |
| Statement of responsibility, etc |
Christopher Lazou. |
| 504 ## - BIBLIOGRAPHY, ETC. NOTE |
| Bibliography, etc |
Bibliography: p. 249-253. |
| 906 ## - LOCAL DATA ELEMENT F, LDF (RLIN) |
| a |
7 |
| b |
cbc |
| c |
orignew |
| d |
1 |
| e |
ocip |
| f |
19 |
| g |
y-gencatlg |
| 942 ## - ADDED ENTRY ELEMENTS (KOHA) |
| Source of classification or shelving scheme |
|
| Item type |
Books |